Urban Design (Record no. 118556)

MARC details
000 -LEADER
fixed length control field 00552cas a22002175a 4500
001 - CONTROL NUMBER
control field L243
008 - FIXED-LENGTH DATA ELEMENTS--GENERAL INFORMATION
fixed length control field 070629c1995 xxkqr p 0 a0eng d
022 1# - INTERNATIONAL STANDARD SERIAL NUMBER
International Standard Serial Number 0266-6480
035 ## - SYSTEM CONTROL NUMBER
System control number (Sirsi) u98882
041 0# - LANGUAGE CODE
Language code of text/sound track or separate title eng
110 2# - MAIN ENTRY--CORPORATE NAME
Corporate name or jurisdiction name as entry element Urban Design Group
9 (RLIN) 2687
240 ## - UNIFORM TITLE
Uniform title Urban Design Quarterly
245 00 - TITLE STATEMENT
Title Urban Design
260 ## - PUBLICATION, DISTRIBUTION, ETC.
Place of publication, distribution, etc. London
Name of publisher, distributor, etc. Urban Design Group
Date of publication, distribution, etc. 1995-
520 ## - SUMMARY, ETC.
Summary, etc. Kept for one year
554 ## -
-- Four per year
651 #4 - SUBJECT ADDED ENTRY--GEOGRAPHIC NAME
Geographic name United Kingdom
Chronological subdivision
690 ## - LOCAL SUBJECT ADDED ENTRY--TOPICAL TERM (OCLC, RLIN)
Topical term or geographic name as entry element Planning and development
9 (RLIN) 6259
942 ## - ADDED ENTRY ELEMENTS (KOHA)
Suppress in OPAC 0
948 ## - LOCAL PROCESSING INFORMATION (OCLC); SERIES PART DESIGNATOR (RLIN)
c (OCLC) 16/08/1994
Holdings
Withdrawn status Lost status Source of classification or shelving scheme Damaged status Not for loan Home library Current library Shelving location Date acquired Total Checkouts Full call number Barcode Date last seen Price effective from Koha item type
    Other/Generic Classification Scheme     London London Gallery 29/06/2007   URBAN DESIGN 98882-1001 06/08/2019 06/08/2019 Journal